Statistics for Easy Guess the Bible Characters

Click here to take the quiz!

General Stats

  • This quiz has been taken 16 times
  • The average score is 12 of 15

Answer Stats

Bible VerseHintAnswer% Correct
Genesis 2:7-24First ManAdam
100%
Genesis 2:7-24First WomanEve
100%
Mark 14: 44-46Betrayed JesusJudas
100%
Luke 22:70Son of God who died for everyoneJesus
94%
ExodusChosen man to deliver the Israelites from EgyptMoses
94%
1 Samuel 17:49Killed a Giant with one stoneDavid
88%
Genesis 15:5Man who was promised many decendantsAbraham
75%
Daniel 6:16-23Slept in a lion's den and survivedDaniel
75%
Jonah 1:10-17Ran from God and was swallowed by a giant FishJonah
75%
Matthew 26:69-74The man who denied Jesus three timesPeter
75%
RuthFaithful daughter-in-law in Jesus' lineRuth
69%
Judges 14-16Strongest (physically) man in the bibleSamson
69%
1 Kings 6:11-14Third King of Israel who built the TempleSolomon
69%
Acts 26:11-18Man who killed Christians before he became one himselfPaul
63%
2 Kings 2:11-12A great prophet who was taken to heaven in a chariotElijah
38%

Score Distribution

Percentile by Number Answered

Percent of People with Each Score

Your Score History

You have not taken this quiz